| 000 | 00665nam a2200181Ia 4500 | ||
|---|---|---|---|
| 003 | GCL | ||
| 008 | 140319s9999 xx 000 0 ara d | ||
| 020 | _a98341024 | ||
| 040 |
_aGCL / _cGCL |
||
| 082 | 0 | 4 |
_aد _b050 _bم م |
| 245 | 1 | 0 | _aالمستقبل العربى ( مارس 2006 - العدد 325 ) |
| 260 |
_aبيروت : _bمركز دراسات الوحدة العربية ، _c1990 |
||
| 650 | 0 | 4 | _aفلسطين - الوضع الدولى |
| 650 | 0 | 4 | _aفلسطين - الاحوال السياسية |
| 650 | 0 | 4 | _aصناعة القرار - الولايات المتحدة الامريكية |
| 650 | 0 | 4 | _aالانحراف الاعلامى |
| 942 |
_2ddc _cCR |
||
| 999 |
_c28051 _d28051 |
||